Normal view MARC view

Entry Personal Name

Number of records used in: 1

001 - CONTROL NUMBER

  • control field: 1237966

003 - CONTROL NUMBER IDENTIFIER

  • control field: OSt

005 - DATE AND TIME OF LATEST TRANSACTION

  • control field: 20260430150610.0

008 - FIXED-LENGTH DATA ELEMENTS

  • fixed length control field: 260430|| aca||aabn | a|a d

040 ## - CATALOGING SOURCE

  • Original cataloging agency: OSt
  • Transcribing agency: OSt

100 ## - HEADING--PERSONAL NAME

  • Personal name: Sharma Raushan Kuma Au.; Nawal Kishore Gu

670 ## - SOURCE DATA FOUND

  • Source citation: Work cat.: (OSt)1850177: Sharma Raushan Kuma Au.; Nawal Kishore Gu., Understanding Ambedkar and Lohia: A Comparative Study of ‘Politics of Caste’ in Maharashtra and Uttar Pradesh, 2024
Copyright @ Delhi University Library System